Botanical Dyes: A Seasonal Guide to Sustainable Dyeing (Record no. 370313)
[ view plain ]
| 000 -LEADER | |
|---|---|
| fixed length control field | 01131nam a2200193 4500 |
| 005 - DATE AND TIME OF LATEST TRANSACTION | |
| control field | 20260212110729.0 |
| 008 - FIXED-LENGTH DATA ELEMENTS--GENERAL INFORMATION | |
| fixed length control field | 260204b |||||||| |||| 00| 0 eng d |
| 020 ## - INTERNATIONAL STANDARD BOOK NUMBER | |
| International Standard Book Number | 9781800922136 |
| 041 ## - LANGUAGE CODE | |
| Language code of text/sound track or separate title | English |
| 082 ## - DEWEY DECIMAL CLASSIFICATION NUMBER | |
| Classification number | 746.1 |
| Item number | WOL |
| 100 ## - MAIN ENTRY--PERSONAL NAME | |
| Author | Wolff Aurelia |
| 245 ## - TITLE STATEMENT | |
| Title | Botanical Dyes: A Seasonal Guide to Sustainable Dyeing |
| 260 ## - PUBLICATION, DISTRIBUTION, ETC. | |
| Name of publisher, distributor, etc. | Search Press |
| Date of publication, distribution, etc. | 2014 |
| 300 ## - PHYSICAL DESCRIPTION | |
| Extent | 182 |
| 365 ## - TRADE PRICE | |
| Price amount | 1302.63 |
| Currency code | Rs,00 |
| 520 ## - SUMMARY, ETC. | |
| Summary, etc. | INTRODUCTION TO BOTANICAL DYEING<br/>What Is Botanical Dyeing?<br/>• Traditional Methods <br/>• Natural Dyeing: A Call To Action<br/>• Classification Of Dyes<br/>• The Dyeing Process<br/>• Natural Fibres<br/>• Mordanting<br/>• The Different Techniques<br/>• In The Dyer’s Workshop<br/>SEASONAL DYEING: RECIPES & INSPIRATION<br/>SPRING – Walnut, Rhubarb, Dyer’s woad, Artichoke<br/>SUMMER - Weld, Cosmos, Madder, Wild carrot<br/>AUTUMN - Oak, St John’s wort, Elderberry, Broad-leaved dock <br/>WINTER - Chestnut, Onion, Avocado, Turmeric<br/>OUT OF SEASON & OTHER LATITUDES - Cutch, Logwood<br/>• Appendices<br/>• Glossary<br/>• Useful Addresses<br/>• Where To Find The Plants<br/><br/> |
| 650 ## - SUBJECT ADDED ENTRY--TOPICAL TERM | |
| Topical term or geographic name entry element | Dyeing |
| 942 ## - ADDED ENTRY ELEMENTS (KOHA) | |
| Koha item type | Books |
| Withdrawn status | Lost status | Source of classification or shelving scheme | Damaged status | Not for loan | Home library | Current library | Date acquired | Vendor | Net Price | Bill number | Total Checkouts | Full call number | Barcode | Date last seen | Date last checked out | Discount | Actual Price | Bill Date | Koha item type |
|---|---|---|---|---|---|---|---|---|---|---|---|---|---|---|---|---|---|---|---|
| Dewey Decimal Classification | School of Fashion Technology | School of Fashion Technology | 04/02/2026 | Design Book Studio | 1302.63 | 284 | 1 | 746.1 WOL | SOFT-BK-4936 | 30/03/2026 | 24/03/2026 | 33% | 1944.22 | 12/12/2025 | Books |